LEADER 03353nam 2200529I 450 001 9910796880203321 005 20180515082405.0 010 $a1-78743-247-5 010 $a1-78743-089-8 035 $a(CKB)4100000004816982 035 $a(MiAaPQ)EBC5171452 035 $a(UtOrBLW)9781787430891 035 $a(EXLCZ)994100000004816982 100 $a20180515d2018 uy 0 101 0 $aeng 135 $aurun||||||||| 181 $2rdacontent 182 $2rdamedia 183 $2rdacarrier 200 00$aViewpoints on interventions for learners with disabilities /$fedited by Festus E. Obiakor and Jeffrey P. Bakken 205 $aFirst edition. 210 1$aBingley :$cEmerald Publishing,$d2018. 215 $a1 online resource (256 pages) 225 1 $aAdvances in special education,$x0270-4013 ;$vv. 33 300 $aIncludes index. 311 $a1-78754-052-9 311 $a1-78743-090-1 320 $aIncludes bibliographical references. 330 $aInterventions in special education are results of advocacy, legislation, litigation, research, and trends. Since interventions come in many forms, they represent multidimensional viewpoints and perspectives and need to be handled with professional care, integrity, fidelity. This book highlights the fact there are skill-sets needed to work with divergent disability categories. The chapters begin with introducing readers to contextual bases of interventions for learners with disabilities and end with futuristic perspectives that go beyond tradition. Other chapters focus on students with learning disabilities, emotional and behavioral disorders, and intellectual disabilities. Additional chapters focus on students who are deaf and hard of hearing, and students with visual impairments, autism, severe disabilities, traumatic brain injury, speech and language impairments, and physical and other health impairments. This volume presents the voices of leaders in the field of special education and addresses critical issues related to identification, assessment, labeling, placement, and instruction. Furthermore, it responds to what makes special education (3z (Bspecial. (3y (B Not only does this volume present historical contexts, it also authenticates the legitimacy of helping all learners to maximize their fullest potential, the real essence of special education. To a large extent, this book will be an excellent resource for undergraduate and graduate students, regular educators, special educators, educator preparation professionals, researchers, scholars, and practitioners. 410 0$aAdvances in special education ;$vv. 33.$x0270-4013 606 $aLearning disabled children$xEducation 606 $aLearning disabilities$xTreatment 606 $aEducation$xInclusive Education$2bisacsh 606 $aInclusive education, mainstreaming$2bicssc 615 0$aLearning disabled children$xEducation. 615 0$aLearning disabilities$xTreatment. 615 7$aEducation$xInclusive Education. 615 7$aInclusive education, mainstreaming. 676 $a371.9 702 $aObiakor$b Festus E. 702 $aBakken$b Jeffrey P. 801 0$bUtOrBLW 801 1$bUtOrBLW 906 $aBOOK 912 $a9910796880203321 996 $aViewpoints on interventions for learners with disabilities$93862312 997 $aUNINA LEADER 06424oam 22009374a 450 001 9910973970803321 005 20240416124526.0 010 $a9781575066981 010 $a157506698X 024 7 $a10.1515/9781575066981 035 $a(CKB)2670000000370708 035 $a(EBL)3155669 035 $a(SSID)ssj0001036184 035 $a(PQKBManifestationID)12451593 035 $a(PQKBTitleCode)TC0001036184 035 $a(PQKBWorkID)11041112 035 $a(PQKB)11568500 035 $a(Au-PeEL)EBL3155669 035 $a(CaPaEBR)ebr10717508 035 $a(OCoLC)922991982 035 $a(DE-B1597)584284 035 $a(DE-B1597)9781575066981 035 $a(OCoLC)1273306707 035 $a(MdBmJHUP)musev2_80967 035 $a(MiAaPQ)EBC3155669 035 $a(OCoLC)1253313263 035 $a(Perlego)2058602 035 $a(EXLCZ)992670000000370708 100 $a20130327d2013 uy 0 101 0 $aeng 135 $aur|n|---||||| 181 $ctxt 182 $cc 183 $acr 200 14$aGezer VII: The Middle Bronze and Later Fortifications in Fields II, IV, and VIII$eThe Middle Bronze and Later Fortifications in Fields II, IV, and VIII /$fby Joe D. Seger; with contributions by Seymour Gitin, James W. Hardin, John. R. Osborne, and Karen E. Seger; edited by Joe D. Seger and James W. Hardin 205 $a1st ed. 210 1$aWinona Lake, Indiana$cEisenbrauns$d2013 210 4$dİ2013 215 $a1 online resource (432 p.) 225 0 $aAnnual of the Hebrew Union College / Nelson Glueck School of Biblical Archaeology$v9 225 0 $aGezer$v7 300 $aCD enth.: Fields photos and plans for fields IV, II, VIII 311 08$a9781575062686 311 08$a1575062682 320 $aIncludes bibliographical references. 327 $a[1] General Introduction -- Excavations in Field IV -- The 1973-1974 Investigation of Fortification Elements in Other Fields -- [2] Cultural and Historical Summary -- The Middle Bronze Age -- The Outer Wall and the Later Settlements at Gezer -- Abandonment and Exploitation in the Roman Period -- [3] Stratigraphy -- The Southern Gate -- The Connecting Walls and the Glacis -- The Intramural Complex -- The Outer Wall -- The Stratigraphy in Field II Areas 4 and 14 -- The Stratigraphy of Field VIII -- [4] Pottery -- Pottery Remains in Field IV -- Field II Areas 4 and 14 -- Field VIII Area 1 -- [5] Objects -- Adornments (Beads, Buttons, and Amulets) -- Jewelry (Gold and Silver) -- Scarabs and Scarab Stamps -- Bone and Horn Tools -- Ceramic, Clay, and Faience Objects -- Loom Weights -- Flint Blades -- Stone Vessels and Implements -- Scale Weights -- Bronze Tools -- Signs, Marks, and Letterforms -- [6] Special Studies -- Carbon 14 Assays -- Shell Remains -- Plate and Description Conventions. 327 $a[1] General IntroductionExcavations in Field IV -- The 1973-1974 Investigation of Fortification Elements in Other Fields -- [2] Cultural and Historical Summary -- The Middle Bronze Age -- The Outer Wall and the Later Settlements at Gezer -- Abandonment and Exploitation in the Roman Period -- [3] Stratigraphy -- The Southern Gate -- The Connecting Walls and the Glacis -- The Intramural Complex -- The Outer Wall -- The Stratigraphy in Field II Areas 4 and 14 -- The Stratigraphy of Field VIII -- [4] Pottery -- Pottery Remains in Field IV -- Field II Areas 4 and 14 -- Field VIII Area 1 -- [5] Objects -- Adornments (Beads, Buttons, and Amulets) -- Jewelry (Gold and Silver) -- Scarabs and Scarab Stamps -- Bone and Horn Tools -- Ceramic, Clay, and Faience Objects -- Loom Weights -- Flint Blades -- Stone Vessels and Implements -- Scale Weights -- Bronze Tools -- Signs, Marks, and Letterforms -- [6] Special Studies -- Carbon 14 Assays -- Shell Remains -- Plate and Description Conventions. 330 $aIn 1912, R. A. S. Macalister published reports on his PEF excavations at Tell Gezer in central Israel, including notice of having traced more than 1,400 meters (almost a full mile) of defense walls around the site. Now, a century later, a detailed reassessment of these fortifications is provided in the publication of Gezer VII: The Middle Bronze and Later Fortifications in Fields II, IV, and VIII, edited by Joe D. Seger and James W. Hardin. This volume features work at Gezer sponsored by Hebrew Union College and Harvard University between 1968 and 1974, reporting on excavations at Macalister?s ?Southern Gate? (Field IV) and along his ?Inner? and ?Outer? wall systems both on the southern (Field II) and northern (Field VIII) flanks of the site. These excavations produced much new data, enabling a confident dating of the Southern Gate complex and the Inner Wall system to the latter part of the Middle Bronze period (1700?1500 B.C.E.) and of the Outer Wall to the Late Bronze II and subsequent Hellenistic eras. Among a rich array of cultural remains, intramural occupation of the Middle Bronze Age yielded a gold jewelry hoard and early evidence of alphabetic writing. 410 0$aAnnual of the Nelson Glueck School of Biblical Archaeology ;$vv. 9. 606 $aMaterial culture$2fast$3(OCoLC)fst01011739 606 $aFortification$2fast$3(OCoLC)fst00933024 606 $aExcavations (Archaeology)$2fast$3(OCoLC)fst00917564 606 $aBronze age$2fast$3(OCoLC)fst00839439 606 $aAntiquities$2fast$3(OCoLC)fst00810745 606 $aBronze age$zIsrael$zGezer Site 606 $aMaterial culture$zIsrael$zGezer Site 606 $aFortification$zIsrael$zGezer Site 606 $aExcavations (Archaeology)$zIsrael$zGezer Site 607 $aIsrael$zGezer Site$2fast 607 $aIsrael$2fast 607 $aIsrael$xAntiquities 607 $aGezer Site (Israel) 615 7$aMaterial culture. 615 7$aFortification. 615 7$aExcavations (Archaeology) 615 7$aBronze age. 615 7$aAntiquities. 615 7$aBronze age 615 7$aMaterial culture 615 7$aFortification 615 7$aExcavations (Archaeology) 676 $a933/.48 700 $aSeger$b Joe D$01042436 701 $aHardin$b James W$f1964-$01804694 701 $aGitin$b Seymour$f1936-$0975496 801 0$bMdBmJHUP 801 1$bMdBmJHUP 906 $aBOOK 912 $a9910973970803321 996 $aGezer VII: The Middle Bronze and Later Fortifications in Fields II, IV, and VIII$94352874 997 $aUNINA